<?xml version="1.0" encoding="UTF-8"?><?xml-stylesheet type="text/xsl" href="static/style.xsl"?><OAI-PMH xmlns="http://www.openarchives.org/OAI/2.0/" xmlns:xsi="http://www.w3.org/2001/XMLSchema-instance" xsi:schemaLocation="http://www.openarchives.org/OAI/2.0/ http://www.openarchives.org/OAI/2.0/OAI-PMH.xsd"><responseDate>2026-05-17T02:03:46Z</responseDate><request verb="GetRecord" identifier="oai:repisalud.isciii.es:20.500.12105/11734" metadataPrefix="marc">https://repisalud.isciii.es/rest/oai/request</request><GetRecord><record><header><identifier>oai:repisalud.isciii.es:20.500.12105/11734</identifier><datestamp>2025-06-12T09:17:24Z</datestamp><setSpec>com_20.500.12105_8137</setSpec><setSpec>com_20.500.12105_5570</setSpec><setSpec>com_20.500.12105_2404</setSpec><setSpec>com_20.500.12105_2403</setSpec><setSpec>col_20.500.12105_8154</setSpec></header><metadata><record xmlns="http://www.loc.gov/MARC21/slim" xmlns:dcterms="http://purl.org/dc/terms/" xmlns:doc="http://www.lyncode.com/xoai" xmlns:xsi="http://www.w3.org/2001/XMLSchema-instance" xsi:schemaLocation="http://www.loc.gov/MARC21/slim http://www.loc.gov/standards/marcxml/schema/MARC21slim.xsd">
   <leader>00925njm 22002777a 4500</leader>
   <datafield ind2=" " ind1=" " tag="042">
      <subfield code="a">dc</subfield>
   </datafield>
   <datafield ind2=" " ind1=" " tag="720">
      <subfield code="a">Pérez Bermúdez, Brígido</subfield>
      <subfield code="e">author</subfield>
   </datafield>
   <datafield ind2=" " ind1=" " tag="720">
      <subfield code="a">García Cebrián, M.</subfield>
      <subfield code="e">author</subfield>
   </datafield>
   <datafield ind2=" " ind1=" " tag="720">
      <subfield code="a">Martínez Aramayosa, MªJ.</subfield>
      <subfield code="e">author</subfield>
   </datafield>
   <datafield ind2=" " ind1=" " tag="720">
      <subfield code="a">Nieto Sánchez, Ana Belén</subfield>
      <subfield code="e">author</subfield>
   </datafield>
   <datafield ind2=" " ind1=" " tag="720">
      <subfield code="a">Ramos Argüello, C.</subfield>
      <subfield code="e">author</subfield>
   </datafield>
   <datafield ind2=" " ind1=" " tag="720">
      <subfield code="a">Aranda Vizcaíno, A.</subfield>
      <subfield code="e">author</subfield>
   </datafield>
   <datafield ind2=" " ind1=" " tag="260">
      <subfield code="c">2007-12</subfield>
   </datafield>
   <datafield ind2=" " ind1=" " tag="520">
      <subfield code="a">[ES] La vacunación antigripal es la medida más eficaz para prevenir la gripe. Dentro de los colectivos laborales en los que se recomienda su inoculación, se encuentran los trabajadores sanitarios. Objetivos:, Estudiar si existen diferencias significativas entre las Campañas del 2005-06 y 2006-07 dirigidas a los trabajadores del área sanitaria 2 de la Comunidad de Madrid. Metodología: Estudio descriptivo de ambas campañas en el área sanitaria 2 de la Comunidad de Madrid. Se realiza un análisis univariante y se construye un modelo de Regresión Logística cuya variable dependiente son las dos campañas. Como variables independientes se incluyeron: edad, categoría, servicio, centro de trabajo, vacunación de la gripe en el año anterior, efectos secundarios en año el anterior, enfermedad crónica, medicación, fumador y procesos alérgicos. Resultado:. En la Campaña 2005 se vacunaron más en servicios centrales, hostelería y administración. Se declararon más efectos secundarios, se vacunaron más sanitarios y más trabajadores declararon tomar algún tipo de medicación. Sin embargo en la Campaña 2006 se vacunaron más en el H. U. Princesa, en la primera semana de campaña, en los servicios médicos y más trabajadores declararon tener algún tipo de enfermedad crónica. Conclusiones: Las coberturas vacunales han sidoiguales o inferiores a años anteriores en los distintos centros excepto en el Hospital U. de la Princesa donde fue mayor. [EN] The vaccination against the influenza is the most effective way of preventing this illness. Workers in the Sanitary sector are ones of the most recommended to be vaccinated against the flu.Objectives: To study whether there are significant differences between the 2005-2006 and 2006-2007Campaigns addressed to the workers in the Sanitaryarea nº 2 in the Madrid Community. Methodology: Descriptive study of both campaigns in the Sanitary area nº 2 in the Madrid Community. A uni-variant analysis is carried out to build a Logistic Regression model in which the two campaigns are the dependant variables. The followingindependent variables were also included: age, professional category, service, working center, previous year anti-flu vaccination, side effects in previous year, chronic diseases, medication taken, smokinghabits and allergic processes. Results: In the 2005 campaign, vaccination wasmore intense in central services, catering and administration. There were more side effects, more sanitary workers were vaccinated and more workersdeclared to have taken any sort of medication. However, in the 2006 campaign there were more vaccinations in the “H.U. la Princesa”, within the first weekof campaign, in the medical services, and more workers declared to suffer any type of chronic disease.Conclusions: The coverage of the vaccination hasbeen equal or lower than in previous years in all working centers, with the exception of the “H.U. la Princesa”, where the coverage was higher.</subfield>
   </datafield>
   <datafield ind1="8" ind2=" " tag="024">
      <subfield code="a">Med Segur Trab 2007; Vol.LIII Nº 209;57-63</subfield>
   </datafield>
   <datafield ind1="8" ind2=" " tag="024">
      <subfield code="a">10.4321/S0465-546X2007000400008</subfield>
   </datafield>
   <datafield ind1="8" ind2=" " tag="024">
      <subfield code="a">1989-7790</subfield>
   </datafield>
   <datafield ind1="8" ind2=" " tag="024">
      <subfield code="a">0465-546X</subfield>
   </datafield>
   <datafield ind1="8" ind2=" " tag="024">
      <subfield code="a">Medicina y Seguridad del Trabajo</subfield>
   </datafield>
   <datafield ind1="8" ind2=" " tag="024">
      <subfield code="a">http://hdl.handle.net/20.500.12105/11734</subfield>
   </datafield>
   <datafield tag="653" ind2=" " ind1=" ">
      <subfield code="a">Vacuna gripe en trabajadores sanitarios</subfield>
   </datafield>
   <datafield tag="653" ind2=" " ind1=" ">
      <subfield code="a">Campaña vacunación de la gripe</subfield>
   </datafield>
   <datafield tag="653" ind2=" " ind1=" ">
      <subfield code="a">Influenza vaccination in sanitary worker</subfield>
   </datafield>
   <datafield tag="653" ind2=" " ind1=" ">
      <subfield code="a">Comparison between anti-flu vaccination campaigns</subfield>
   </datafield>
   <datafield ind2="0" ind1="0" tag="245">
      <subfield code="a">Estudio de las campañas de vacunacion antigripal 2005 y 2006 a trabajadores sanitarios del area 2 de Madrid</subfield>
   </datafield>
</record></metadata></record></GetRecord></OAI-PMH>